Karavaning na Slovensku

Rozvoj motorizmu v 20. storočí položil základy mototuristiky ako nového rodinného športového odvetvia. Karavaning poskytuje vysokú kultúru rekreačného turistického ubytovania. Rozvoj netradičných foriem karavaningu na Slovensku. Rozvoj autokempingu a karavaningu.

Gespeichert in:
Bibliographische Detailangaben
1. Verfasser: Ďurkáčová, Barbara
Format: Buchkapitel
Sprache:Slowakisch
Schlagworte:
Tags: Tag hinzufügen
Keine Tags, Fügen Sie das erste Tag hinzu!

MARC

LEADER 00000naa a2200000 4500
001 r043091
005 20230724110512.4
041 0 |a slo 
044 |a SK 
245 1 0 |a Karavaning na Slovensku  |c Barbara Ďurkáčová 
520 |a Rozvoj motorizmu v 20. storočí položil základy mototuristiky ako nového rodinného športového odvetvia. Karavaning poskytuje vysokú kultúru rekreačného turistického ubytovania. Rozvoj netradičných foriem karavaningu na Slovensku. Rozvoj autokempingu a karavaningu. 
610 2 0 |a camping 
610 2 0 |a motorizmus 
610 2 0 |a turistika 
610 2 0 |a šport 
610 2 0 |a ubytovanie 
610 2 0 |a Slovensko 
610 2 0 |a služby 
610 2 0 |a informácie 
100 1 |a Ďurkáčová, Barbara